000 00248nam a2200121Ia 4500
100 _a#N/A
942 _cBK
654 _aEMBEDDED
245 _aEmbedded / Real - Time Systems. - BLACK BOOK
260 _b#N/A
082 _b21212
546 _aENGLISH
999 _c25372
_d25372